|
|
|
|
| LEADER |
00000cam a2200000 7i4500 |
| 001 |
0000008831 |
| 002 |
000009629 |
| 005 |
20000330.0 |
| 020 |
|
|
|a 9837505192
|
| 090 |
0 |
0 |
|a JF
|b JUN
|
| 100 |
0 |
|
|a Junaidah Jamil
|
| 245 |
1 |
0 |
|a Sahabat sejati
|c Junaidah Jamil
|
| 260 |
|
|
|a Petaling Jaya :
|b Penerbit Pan Earth Sdn. Bhd. ,
|c 1996
|
| 300 |
|
|
|a 93p. :
|b ill. ;
|c 18cm.
|
| 490 |
0 |
|
|a Siri Novel Dunia Remaja
|
| 650 |
0 |
0 |
|a Children's stories, Malay
|
| 999 |
|
|
|a 050057
|b BUKU
|c PINJAMAN
|e PERPUSTAKAAN KOMUNITI PETALING JAYA
|
| 999 |
|
|
|a 050058
|b BUKU
|c PINJAMAN
|e PERPUSTAKAAN KOMUNITI PETALING JAYA
|
| 999 |
|
|
|a 050059
|b BUKU
|c PINJAMAN
|e PERPUSTAKAAN KOMUNITI PETALING JAYA
|